Normal view
MARC view
Entry Personal Name
001 - CONTROL NUMBER
- control field: 86338
003 - CONTROL NUMBER IDENTIFIER
- control field: dpl
005 - DATE AND TIME OF LATEST TRANSACTION
- control field: 20260113153038.0
008 - FIXED-LENGTH DATA ELEMENTS
- fixed length control field: 260113|| aca||aabn | a|a d
040 ## - CATALOGING SOURCE
- Original cataloging agency: dpl
- Transcribing agency: dpl
100 ## - HEADING--PERSONAL NAME
- Personal name: Nelson, Reginald Arbouin
670 ## - SOURCE DATA FOUND
- Source citation: Work cat.: (dpl)214098: Nelson, Reginald Arbouin , The Bharatiya Nyaya Sanhita, 2023/, 2026
